000 00730nam a22002537a 4500
003 CHAP
005 20220329140646.0
008 971013s1928 r 00010 d
010 _a55519
011 _a56491
035 _a60644
040 _cCHAP
090 _aFolleto 1168
100 0 0 _aYoungs, F. O.
_9123248
245 _aSoil survey of the Paradise-Verde area, Arizona
260 _aWashington :
_bBureau of Chemistry and Soils,
_c(1928)
300 _a22 p.
_b: ilus. ; mapa
590 _aBATCH-UPD
_b10
_c20130110
_lUCH01
_h0539
590 _aCONVERSION
_b10
_c20130109
_lUCH01
_h1330
650 1 4 _aSuelos
_xArizona.
_9110209
901 _aBK
942 _cFOLL
949 _aFolleto 1168
_bBC
_cFOLL
_d-130598
_eTS1
_i60644
_si
999 _c55519
_d55519